A laboratory manual of polymers / (Record no. 21485)
[ view plain ]
| 000 -LEADER | |
|---|---|
| fixed length control field | 01037nam a22002415a 4500 |
| 005 - DATE AND TIME OF LATEST TRANSACTION | |
| control field | 20160323114529.0 |
| 008 - FIXED-LENGTH DATA ELEMENTS--GENERAL INFORMATION | |
| fixed length control field | 160323t2009 ii a fr 001 0 eng d |
| 020 ## - INTERNATIONAL STANDARD BOOK NUMBER | |
| International Standard Book Number | 9788190746236 |
| 040 ## - CATALOGING SOURCE | |
| Original cataloging agency | EG-ScBUE |
| Language of cataloging | eng |
| Transcribing agency | EG-ScBUE |
| 082 04 - DEWEY DECIMAL CLASSIFICATION NUMBER | |
| Classification number | 668.9 |
| Item number | ASH |
| Edition number | 22 |
| 100 1# - MAIN ENTRY--PERSONAL NAME | |
| Personal name | Ashraf, S. M. |
| 9 (RLIN) | 39641 |
| 245 12 - TITLE STATEMENT | |
| Title | A laboratory manual of polymers / |
| Statement of responsibility, etc | S. M. Ashraf, Sharif Ahmed, Ufana Riaz. |
| 260 ## - PUBLICATION, DISTRIBUTION, ETC. (IMPRINT) | |
| Place of publication, distribution, etc | New Delhi : |
| Name of publisher, distributor, etc | I. K. International Publishing House, |
| Date of publication, distribution, etc | c.2009. |
| 300 ## - PHYSICAL DESCRIPTION | |
| Extent | xii, 122 p. : |
| Other physical details | ill. ; |
| Dimensions | 24 cm. |
| 500 ## - GENERAL NOTE | |
| General note | Index : p. [121]-122. |
| 520 ## - SUMMARY, ETC. | |
| Summary, etc | Offers easy-to-do laboratory activities that help students in understanding the basic principles of polymer synthesis, structure and functions. This book intends to enable the students prepare a variety of common polymers to investigate their properties as well as to discover their uses and applications. |
| 650 #7 - SUBJECT ADDED ENTRY--TOPICAL TERM | |
| Topical term or geographic name as entry element | polymers. |
| Source of heading or term | BUEsh |
| 9 (RLIN) | 5875 |
| 651 ## - SUBJECT ADDED ENTRY--GEOGRAPHIC NAME | |
| Source of heading or term | BUEsh |
| 653 ## - INDEX TERM--UNCONTROLLED | |
| Resource For college | Pharmacy |
| Arrived date list | March2016 |
| 700 1# - ADDED ENTRY--PERSONAL NAME | |
| Personal name | Ahmed, Sharif. |
| 9 (RLIN) | 39642 |
| 700 1# - ADDED ENTRY--PERSONAL NAME | |
| Personal name | Riaz, Ufana. |
| 9 (RLIN) | 39643 |
| 942 ## - ADDED ENTRY ELEMENTS (KOHA) | |
| Source of classification or shelving scheme | Dewey Decimal Classification |
| Withdrawn status | Item status | Source of classification or shelving scheme | Damaged status | Not for loan | Vendor | Home library | Current library | Shelving location | Date acquired | Source of acquisition | Cost, normal purchase price | Serial Enumeration / chronology | Total Checkouts | Full call number | Barcode | Date last seen | Koha item type |
|---|---|---|---|---|---|---|---|---|---|---|---|---|---|---|---|---|---|
| Dewey Decimal Classification | Scientific home BookShop | Central Library | Central Library | First floor | 23/03/2016 | Purchase | 50.00 | 1 | 668.9 ASH | 000032155 | 15/07/2025 | Book - Borrowing |